První linie. Protiúder /
Pokračování sci-fi románu, v němž proti sobě stojí i tentokrát Dlouháni a Pozemšťané.
Uloženo v:
| Série: | První linie,
část 6 |
|---|---|
| Hlavní autor: | |
| Další autoři: | |
| Médium: | E-kniha |
| Jazyk: | Czech |
| Vydáno: |
Ostrava :
Fantom Print,
2021
|
| Vydání: | 1. vydání |
| Témata: | |
| Příbuzné jednotky: | Z cyklu::
První linie |
| Tagy: |
Žádné tagy |
| LEADER | 02534nam a2200457 i 4500 | ||
|---|---|---|---|
| 001 | 311411 | ||
| 003 | CZ PrSKC | ||
| 005 | 20260601215705.0 | ||
| 007 | ta | ||
| 008 | 210921s2021 xr g 000 f cze | ||
| 015 | |a cnb003353615 | ||
| 020 | |a 9788075940926 |q (brožováno) | ||
| 035 | |a (OCoLC)1296108495 | ||
| 040 | |a ABG001 |b cze |e rda | ||
| 041 | 1 | |a cze |h eng | |
| 072 | 7 | |a 821.111-3 |x Anglická próza, anglicky psaná |2 Konspekt | |
| 080 | |a 821.111-31 |2 MRF | ||
| 080 | |a (0:82-311.9) |2 MRF | ||
| 100 | 1 | |a Kloos, Marko, |d 1971- |7 xx0211603 |4 aut | |
| 240 | 1 | 0 | |a Points of impact. |l Česky |
| 245 | 1 | 0 | |a První linie. |p Protiúder / |c Marko Kloos ; překlad Jakub Mařík |
| 246 | 3 | 0 | |a Protiúder |
| 250 | |a 1. vydání | ||
| 264 | 1 | |a Ostrava : |b Fantom Print, |c 2021 | |
| 300 | |a 271 stran ; |c 21 cm | ||
| 336 | |a text |b txt |2 rdacontent | ||
| 337 | |a bez média |b n |2 rdamedia | ||
| 338 | |a svazek |b nc |2 rdacarrier | ||
| 500 | |a Přeloženo z angličtiny | ||
| 520 | 2 | |a Pokračování sci-fi románu, v němž proti sobě stojí i tentokrát Dlouháni a Pozemšťané. |b Lidstvo má konečně nové moderní lodě a zbraně dostatečně efektivní v likvidaci Dlouhánů. Pozemšťané tak mají šanci srovnat síly s hrozivým nepřítelem. Graysona a jeho manželku Halleyovou nyní čeká břímě velitelských povinností a zodpovědnosti za víc než jen za své vlastní životy, protože opět stojí v čele nové fáze války. Jenže Dlouháni mají vlastní plány, a ve válce nepřítel nečeká, až se na něj připravíte. Andrew je znovu vržen do chaosu a násilí války s nemilosrdnými mimozemšťany. Musí se vyrovnat s daní, kterou si nekončící konflikt na všech vybírá, a s vysokou cenou, kterou platí za přežití. Nakladatelská anotace. | |
| 655 | 7 | |a anglicky psané romány |7 fd131805 |2 czenas | |
| 655 | 7 | |a vědecko-fantastické romány |7 fd133847 |2 czenas | |
| 655 | 9 | |a fiction in English |2 eczenas | |
| 655 | 9 | |a science fiction novels |2 eczenas | |
| 700 | 1 | |a Mařík, Jakub, |d 1981- |7 xx0073715 |4 trl | |
| 787 | 0 | 8 | |i Z cyklu: |t První linie |g 6 |
| 900 | |a ABA001 |b 21 | ||
| 044 | |a xr | ||
| 910 | |a RBIT002 | ||
| 998 | |d 335350 |a https://core.palmknihy.cz/api/books/335350/cover?si7ggi |b https://core.palmknihy.cz/api/books/335350/cover/400?si7ggi |c https://core.palmknihy.cz/api/books/335350/cover/50?si7ggi |e 2030-12-31 |g 272 |i 9788075940926 |j https://core.palmknihy.cz/api/books/335350/preview.epub |l |q 49 |r 1 |s https://www.palmknihy.cz/kniha/335350 |t ebook |y 2021 |z 0 |v První linie |w 6 | ||
| 999 | |d 311409 | ||